000 00369nam a2200157Ia 4500
008 221030s9999 xx 000 0 und d
020 _a0198072635
041 _aEnglish
100 _aR. Roy
245 0 _aEntrepreneurship
_cby R. Roy
250 _a2nd
260 _bOxford University Press
_aNew Delhi
_c2012
300 _a571
650 _aManagement
942 _cBK
999 _c14779
_d14779